00466 2200169 4500001002100000005001500021035002000036245007100056100001300127250001700140300003200157260003500189082001000224084001600234020002200250650002400272INLIS00000000000091420250317101201 a0010-03250000101 aSeri Pengetahuan ICT MEmbuat Lembar Kerja dengan Excel /cLia Tina0 aLia Tina acetakan ke-1 aiv, 52 hlm :bilus ;c29 cm aJakarta :bGaneca Exact,c2007 a005.5 a005.5 LIA s a978-979-571-406-4 4aTeknologi Informasi